LEADER 00851nam a2200217 i 4500 001 000000127517 003 CaOOAMICUS 005 20260408095703.0 008 040618s2004 it u000 u ita u 020 $a88-02-06162-9 040 $aSeMil$bita 245 10$aSupplemento 2004 /$cdiretto da Edoardo Sanguineti. 300 $aXVIII, 773 p. 700 1 $aSanguineti, Edoardo <1930-2010>.$0(OLS)http://semarc/name/13332 773 0 $aBattaglia, Salvatore <1904-1971>$tGrande dizionario della lingua italiana.$dTorino : UTET, 1961-2009.$w()6614 850 $aSeMil 852 $aSeMil$W1$xVenegono$y1$mSL1.A V 22$j269851$B81810$CSeMilBibl$Z2$F84042 $8I 961 $aSottoscrizione: UTET (Agente) 996 $6020$a88-02-06162-9$9(OLS)http://semarc/number/113964 996 $6245$aSupplemento 2004$9(OLS)http://semarc/title/188229